Shluková analýza: cesta k odhalení podnikatelské migrace na venkov?

Podnikateľská migrácia na vidiek je jedným z javov napomáhajúca oživeniu ekonomickej aktivity malých, skôr odľahlých obcí. Pokus pomocou zhlukovej analýzy sa snaží aspoň čiastočne zhodnotiť súvislosť migračných trendov a dynamiky podnikateľskej aktivity naprieč českým vidiekom. Súčasne sú však aj di...

Full description

Saved in:
Bibliographic Details
Main Author: Píša, Jan
Format: Book Chapter
Language:Czech
Subjects:
Tags: Add Tag
No Tags, Be the first to tag this record!

MARC

LEADER 00000naa a2200000 4500
001 0269359
005 20201021085102.3
041 0 |a cze 
044 |a CZ 
245 1 0 |a Shluková analýza: cesta k odhalení podnikatelské migrace na venkov?  |c Jan Píša 
520 |a Podnikateľská migrácia na vidiek je jedným z javov napomáhajúca oživeniu ekonomickej aktivity malých, skôr odľahlých obcí. Pokus pomocou zhlukovej analýzy sa snaží aspoň čiastočne zhodnotiť súvislosť migračných trendov a dynamiky podnikateľskej aktivity naprieč českým vidiekom. Súčasne sú však aj diskutované bariéry, ktoré sťažujú aplikáciu vybranej metódy, rovnako ako iných spôsobov kvantitatívneho skúmania podnikateľskej migrácie. Výsledkom je tak naznačenie pravdepodobného priestorového rozmiestnenia podnikateľských migrantov na vidieku naprieč všetkými vidieckymi obcami Česka. 
610 2 0 |a migrácia 
610 2 0 |a podnikanie 
610 2 0 |a podnikatelia 
610 2 0 |a vidiek 
610 2 0 |a obce 
610 2 0 |a rozvoj regionálny 
610 2 0 |a analýza zhluková 
610 2 0 |a regióny 
610 2 0 |a Česko 
100 1 |a Píša, Jan